Az Anatómiai Intézet "kincsei"
Elmentve itt :
| Szerző: | |
|---|---|
| Dokumentumtípus: | Cikk |
| Megjelent: |
1994-06-11
|
| Sorozat: | Délmagyarország
84 No. 135 |
| Kulcsszavak: | Gellért Albert, Orvostudományi Egyetem |
| Online Access: | http://dmarchiv.bibl.u-szeged.hu/94027 |
| LEADER | 00479nab a2200157 i 4500 | ||
|---|---|---|---|
| 001 | delm94027 | ||
| 005 | 20191009132432.0 | ||
| 008 | 191009s1994 hu o 0|| hun d | ||
| 040 | |a SZTE Délmagyarország Archívum |b hun | ||
| 041 | |a hun | ||
| 100 | 1 | |a Hollósi Zsolt | |
| 245 | 1 | 3 | |a Az Anatómiai Intézet "kincsei" |h [elektronikus dokumentum] / |c Hollósi Zsolt |
| 260 | |c 1994-06-11 | ||
| 300 | |a 13 | ||
| 490 | 0 | |a Délmagyarország |v 84 No. 135 | |
| 695 | |a Gellért Albert, Orvostudományi Egyetem | ||